00740cam a2200205 a 450000100100000000500170001000800410002704000300006808200250009810000380012324500790016125000320024026000690027230000280034149000110036950400410038065100400042165100620046183000110052300001924520200929165947.0780526s1955 ag 000 0 spa  aDO-SdBNPbspacDLCdBNPHU a989.203bS211e, 19551 aSánchez Quell, Hipolito,d1907-10aEstructura y función del Paraguay colonial. /cHipolito Sánchez Quell. a[3. ed., corr. y aumentada] aBuenos Aires, (Argentina) :bEditorial Guillermo Kraft,c[1955]. a240 p. :bmap ;c21 cm.1 aCupula aIncluye referencias bibliográficas 4aParaguayxHistoriaxColonialy1811. 4aParaguayxHistoriaxDescubrimiento Y Conquistay1537-1811 0aCupula